Official Languages of the Americas - Statistics

General Stats
  • This quiz has been taken 230 times
    192 since last reset
  • The average score is 39 of 43
Answer Stats
Country Answer % Correct
Antigua and Barbuda English
99%
Bahamas English
99%
Barbados English
99%
Belize English
99%
Canada English
99%
Dominica English
99%
Grenada English
99%
Guyana English
99%
Jamaica English
99%
Saint Kitts and Nevis English
99%
Saint Lucia English
99%
Saint Vincent and The Grenadines English
99%
Trinidad and Tobago English
99%
United States English
99%
Argentina Spanish
99%
Bolivia Spanish
99%
Chile Spanish
99%
Colombia Spanish
99%
Costa Rica Spanish
99%
Cuba Spanish
99%
Dominican Republic Spanish
99%
Ecuador Spanish
99%
El Salvador Spanish
99%
Guatemala Spanish
99%
Honduras Spanish
99%
Mexico Spanish
99%
Nicaragua Spanish
99%
Panama Spanish
99%
Paraguay Spanish
99%
Peru Spanish
99%
Uruguay Spanish
99%
Venezuela Spanish
99%
- French
97%
Guadeloupe French
97%
Haiti French
97%
Brazil Portuguese
93%
Suriname Dutch
86%
- Quechua
61%
- Quechua
61%
- Creole
53%
- Guarani
46%
- Aymara
44%
- Amerindian Languages
3%
No matching quizzes found
Score Distribution
Percent of People with Each Score
Percentile by Number Answered
Your Score History
You have not taken this quiz since the last reset